Madre del riso /

Kaydedildi:
Detaylı Bibliyografya
Yazar: Manicka, Rani (Yazar)
Diğer Yazarlar: Zazo, Anna Luisa (Çevirmen)
Materyal Türü: Kitap
Dil:İtalyanca
Baskı/Yayın Bilgisi: Milano : Oscar Mondadori, 2004
Seri Bilgileri:Bestsellers ; 1443
Etiketler: Etiketle
Etiket eklenmemiş, İlk siz ekleyin!

MARC

LEADER 00000nam a22000007i 4500
001 IT\ICCU\RAV\1240677
003 ItRI
005 20260115231851.0
008 040823s2004 it |||||| ||||| |||||c
020 |a 8804532629 
020 |a 9788804532620 (6. rist 2008) 
040 |b ita  |c importazione bologna sebina 
041 7 |a ita  |2 ISO-639-2 
100 1 |a Manicka, Rani  |0 IT\ICCU\PARV\318434  |4 aut 
240 1 4 |a The rice mother.  |3 IT\ICCU\CFI\0596769  |9 Manicka, Rani 
245 1 0 |a Madre del riso /  |c Rani Manicka ; traduzione di Anna Luisa Zazo. 
260 |a Milano :  |b Oscar Mondadori,  |c 2004 
300 |a 475 p. ;  |c 20 cm. 
700 1 |a Zazo, Anna Luisa  |0 IT\ICCU\CFIV\010362  |4 trl 
790 1 |a Childe, Elinor  |3 IT\ICCU\CFIV\010364  |z Zazo, Anna Luisa 
790 1 |a Zazo, Annaluisa  |3 IT\ICCU\CFIV\153164  |z Zazo, Anna Luisa 
830 0 |a Bestsellers ;  |v 1443  |0 IT\ICCU\CFI\0012751 
942 |2 ddc  |c BK  |n 0 
952 |0 0  |1 0  |4 0  |6 DOC_823_920000000000000_MAN  |7 0  |9 14660  |a BO  |b BO  |d 2026-01-15  |i 17097  |l 0  |o DOC 823.92 MAN  |p BO17097  |r 2026-01-15 23:18:51  |w 2026-01-15  |x [Sebina 5] [1 v.]  |y BK  |z 1 v. (stessa ed. ma rist. 2012) 
999 |c 12636  |d 12636